[Event "Klatovy"]
[Site "?"]
[Date "2007.??.??"]
[Round "?"]
[White "Kovar, P."]
[Black "Janocko, P."]
[Result "1/2-1/2"]
[WhiteElo "2005"]
[BlackElo "2130"]
[PlyCount "30"]
[EventDate "2007.??.??"]

1. c4 Nf6 2. Nc3 d5 3. cxd5 Nxd5 4. g3 c6 5. Bg2 g6 6. d4 Bg7 7. Nf3 O-O 8. O-O
Nd7 9. Nxd5 cxd5 10. Bf4 Qb6 11. b3 Nf6 12. Rc1 Bf5 13. Bc7 Qa6 14. Qd2 Rac8
15. Rfe1 Ne4 1/2-1/2

[Event "Klatovy"]
[Site "?"]
[Date "2007.??.??"]
[Round "?"]
[White "Cakl, Z."]
[Black "Huttner, M."]
[Result "1-0"]
[WhiteElo "2130"]
[BlackElo "1980"]
[PlyCount "69"]
[EventDate "2007.??.??"]

1. Nf3 Nf6 2. b3 g6 3. Bb2 Bg7 4. e3 O-O 5. Be2 d5 6. O-O c5 7. c4 Nc6 8. d4
cxd4 9. exd4 Bg4 10. Nbd2 Rc8 11. Rc1 Qc7 12. Ne5 Be6 13. f4 Rfd8 14. Ndf3 Qb6
15. c5 Qc7 16. Ng5 Nd7 17. Nxe6 fxe6 18. h4 Rf8 19. h5 Ndxe5 20. fxe5 Rf5 21.
Bg4 Rcf8 22. Bxf5 exf5 23. hxg6 hxg6 24. Qf3 e6 25. a3 a5 26. Bc3 Qe7 27. b4
axb4 28. axb4 Qh4 29. g3 Qh7 30. b5 Ne7 31. Rc2 g5 32. Rh2 Qg6 33. Qh5 Kf7 34.
Qxg6+ Kxg6 35. Ra2 1-0

[Event "Klatovy"]
[Site "?"]
[Date "2007.??.??"]
[Round "?"]
[White "Vlasak, L."]
[Black "Ondrejat, M."]
[Result "1/2-1/2"]
[WhiteElo "2005"]
[BlackElo "2110"]
[PlyCount "51"]
[EventDate "2007.??.??"]

1. e4 c5 2. Nf3 d6 3. d4 cxd4 4. Nxd4 Nf6 5. Nc3 a6 6. Be2 e5 7. Nb3 Be6 8. Bg5
Nbd7 9. O-O Qc7 10. Qd2 Rc8 11. Rfd1 Be7 12. Rac1 b5 13. a4 b4 14. Nd5 Bxd5 15.
Bxf6 Nxf6 16. exd5 Qb6 17. a5 Qb7 18. Qd3 Ra8 19. Nd2 O-O 20. Nc4 Nd7 21. Qe3
f5 22. c3 Rab8 23. Kh1 Rf6 24. f4 e4 25. cxb4 Qxb4 26. Qa7 1/2-1/2

[Event "Klatovy"]
[Site "?"]
[Date "2007.??.??"]
[Round "?"]
[White "Boleslav, P."]
[Black "Hacaperkova, L."]
[Result "1/2-1/2"]
[WhiteElo "2105"]
[BlackElo "1965"]
[PlyCount "40"]
[EventDate "2007.??.??"]

1. e4 e5 2. Nf3 Nc6 3. Bb5 Bc5 4. c3 Nf6 5. O-O O-O 6. d4 Bb6 7. dxe5 Nxe4 8.
Qd5 Nc5 9. Nbd2 Ne7 10. Qc4 c6 11. Ba4 d5 12. exd6 Qxd6 13. Bc2 Bf5 14. Bxf5
Nxf5 15. b4 Nd7 16. Qg4 Qg6 17. Qh3 Bc7 18. Nc4 Rfe8 19. Ne3 Nxe3 20. Bxe3 Ne5
1/2-1/2

[Event "Klatovy"]
[Site "?"]
[Date "2007.??.??"]
[Round "?"]
[White "Pospisil, J."]
[Black "Jacek, M."]
[Result "0-1"]
[WhiteElo "1970"]
[BlackElo "2105"]
[PlyCount "70"]
[EventDate "2007.??.??"]

1. e4 c5 2. Nf3 Nc6 3. d4 cxd4 4. Nxd4 e6 5. Nc3 d6 6. Bc4 Nf6 7. Bb3 Be7 8.
Be3 O-O 9. Qe2 a6 10. O-O-O Qc7 11. f3 b5 12. g4 Nxd4 13. Bxd4 Bb7 14. g5 Nd7
15. h4 Nc5 16. Rdg1 b4 17. Na4 Bc6 18. g6 Nxb3+ 19. axb3 fxg6 20. h5 g5 21. h6
g6 22. Nb6 Rab8 23. Qc4 Rxb6 24. Qxe6+ Rf7 25. Bxb6 Qxb6 26. Qc8+ Rf8 27. Qe6+
Rf7 28. Qc8+ Bf8 29. Rd1 Bd7 30. Qc4 Qb5 31. Rd3 Qa5 32. Kd2 Bb5 33. Rd5 Bxc4
34. Rxa5 Bb5 35. Ke3 Rc7 0-1

[Event "Klatovy"]
[Site "?"]
[Date "2007.??.??"]
[Round "?"]
[White "Havlikova, K."]
[Black "Macek, K."]
[Result "1-0"]
[WhiteElo "2100"]
[BlackElo "1950"]
[PlyCount "43"]
[EventDate "2007.??.??"]

1. e4 c5 2. Nf3 d6 3. d4 cxd4 4. Nxd4 Nf6 5. Nc3 a6 6. Bc4 Qc7 7. Bb3 Nc6 8.
Be3 g6 9. f3 Bg7 10. Qd2 O-O 11. O-O-O Ne5 12. h4 h5 13. g4 Nc4 14. Bxc4 Qxc4
15. Kb1 hxg4 16. h5 gxh5 17. fxg4 Bxg4 18. Nf5 Bxf5 19. exf5 Rfc8 20. Rdg1 Kf8
21. Qg2 Bh8 22. Rxh5 1-0

[Event "Klatovy"]
[Site "?"]
[Date "2007.??.??"]
[Round "?"]
[White "Jakl, A."]
[Black "Krejci, J."]
[Result "1-0"]
[WhiteElo "1965"]
[BlackElo "2100"]
[PlyCount "111"]
[EventDate "2007.??.??"]

1. e4 c5 2. Nf3 Nc6 3. d3 g6 4. Nbd2 Bg7 5. g3 e6 6. Bg2 Nge7 7. O-O O-O 8. Re1
d5 9. Nf1 b6 10. e5 Qc7 11. Bf4 Nd4 12. c3 Nxf3+ 13. Bxf3 Ba6 14. h4 Nc6 15.
Qe2 Rae8 16. Rad1 Qd7 17. Nh2 f5 18. exf6 Bxf6 19. Bg4 Bc8 20. Nf3 Qe7 21. Ne5
Nxe5 22. Bxe5 Bxe5 23. Qxe5 Qf6 24. f4 Qxe5 25. Rxe5 Kf7 26. Rde1 h5 27. Bh3
Re7 28. f5 gxf5 29. Bxf5 Rh8 30. d4 Rh6 31. Bb1 cxd4 32. cxd4 Rc7 33. Bd3 Kf6
34. Rg5 Bd7 35. Kg2 Ke7 36. Rg6 Rxg6 37. Bxg6 Kd6 38. Kf3 Bb5 39. Rd1 Rc8 40.
Rd2 Be8 41. Bxe8 Rxe8 42. g4 Rf8+ 43. Kg3 hxg4 44. Kxg4 e5 45. dxe5+ Kxe5 46.
h5 Ke4 47. h6 d4 48. Re2+ Kd3 49. Rh2 Ke3 50. h7 Rh8 51. Rh3+ Ke2 52. Kf4 d3
53. Rh2+ Kd1 54. Ke3 d2 55. Rxd2+ Kc1 56. Rh2 1-0

[Event "Klatovy"]
[Site "?"]
[Date "2007.??.??"]
[Round "?"]
[White "Cmiko, J."]
[Black "Vlcek, M."]
[Result "1-0"]
[WhiteElo "2100"]
[BlackElo "1890"]
[PlyCount "87"]
[EventDate "2007.??.??"]

1. e4 e5 2. Nf3 Nc6 3. Bb5 a6 4. Ba4 Nf6 5. O-O b5 6. Bb3 Bc5 7. c3 Nxe4 8. d4
exd4 9. cxd4 Be7 10. d5 Na5 11. Bc2 Nf6 12. a3 O-O 13. Nc3 Bb7 14. b3 Re8 15.
Bb2 c5 16. Qd3 c4 17. Qf5 cxb3 18. Bd3 Nc4 19. Bxc4 bxc4 20. Rfe1 d6 21. h3 Qd7
22. Qf4 Rac8 23. Rad1 Rc5 24. Ng5 h6 25. Nce4 Rxd5 26. Rxd5 Bxd5 27. Ng3 hxg5
28. Qxg5 Be6 29. Ne4 Qd8 30. Re3 Bf5 31. Nxf6+ Bxf6 32. Bxf6 Qxf6 33. Rxe8+ Kh7
34. Qh5+ Qh6 35. Qxf5+ Qg6 36. Qc8 Qd3 37. Rh8+ Kg6 38. Qg4+ Kf6 39. Qf4+ Ke6
40. Re8+ Kd7 41. Qxf7+ Kc6 42. Rc8+ Kb6 43. Qc7+ Kb5 44. Qb7+ 1-0

[Event "Klatovy"]
[Site "?"]
[Date "2007.??.??"]
[Round "?"]
[White "Cuhra, M."]
[Black "Palla, R."]
[Result "1-0"]
[WhiteElo "2090"]
[BlackElo "1800"]
[PlyCount "81"]
[EventDate "2007.??.??"]

1. c4 e6 2. g3 Nf6 3. Bg2 Nc6 4. Nc3 b6 5. d3 Bb7 6. e4 Nd4 7. Be3 e5 8. Nge2
c5 9. O-O Be7 10. f4 d6 11. h3 O-O 12. f5 h6 13. g4 Nh7 14. Nd5 Bxd5 15. exd5
Bg5 16. Bxg5 Qxg5 17. Ng3 Qe7 18. Qd2 b5 19. Rf2 b4 20. Raf1 f6 21. Kh2 Ng5 22.
h4 Nf7 23. Bf3 a5 24. Bd1 a4 25. Rg1 a3 26. b3 Ra7 27. Ne4 Kh7 28. Rfg2 Rfa8
29. Qf2 Rb7 30. Rg3 Rh8 31. Kg2 Ra7 32. Kf1 Rc7 33. Ke1 Ra7 34. Kd2 Rc7 35. Kc1
Ra7 36. Kb1 Rc7 37. g5 hxg5 38. Bh5 Nh6 39. hxg5 Nhxf5 40. gxf6 Qf8 41. Bg6+
1-0

[Event "Klatovy"]
[Site "?"]
[Date "2007.??.??"]
[Round "?"]
[White "Cvikl, M."]
[Black "Muhlbauer, H."]
[Result "1-0"]
[WhiteElo "2085"]
[BlackElo "1785"]
[PlyCount "71"]
[EventDate "2007.??.??"]

1. e4 e5 2. Nf3 Nf6 3. Nc3 Nc6 4. Bb5 d6 5. d4 exd4 6. Qxd4 Bd7 7. Bxc6 Bxc6 8.
Bg5 Be7 9. O-O-O O-O 10. Kb1 Nd7 11. h4 Bf6 12. Qc4 Re8 13. Rhe1 h6 14. Bc1 Ne5
15. Nxe5 Bxe5 16. f3 Qxh4 17. g4 Qd8 18. Ne2 Qc8 19. f4 Bf6 20. e5 dxe5 21. g5
hxg5 22. fxg5 Be7 23. Qh4 Qf5 24. Rd3 Bd6 25. Rh3 Kf8 26. g6 Qxg6 27. Nd4 f6
28. Rg3 Qf7 29. Nf5 Re7 30. Rxg7 Qxg7 31. Bh6 Qxh6 32. Qxh6+ Kf7 33. Rf1 Rd7
34. Ng7 Be7 35. Rg1 Rad8 36. Qg6+ 1-0

[Event "Klatovy"]
[Site "?"]
[Date "2007.??.??"]
[Round "?"]
[White "Jenc, M."]
[Black "Novotny, J."]
[Result "0-1"]
[WhiteElo "1965"]
[BlackElo "2055"]
[PlyCount "94"]
[EventDate "2007.??.??"]

1. e4 e6 2. d4 d5 3. Nd2 Nf6 4. e5 Nfd7 5. Bd3 c5 6. c3 Nc6 7. Ne2 cxd4 8. cxd4
f6 9. exf6 Nxf6 10. Nf3 Bd6 11. Bf4 O-O 12. O-O Bxf4 13. Nxf4 Qc7 14. g3 Qb6
15. Ng5 Nxd4 16. Nxh7 Nxh7 17. Bxh7+ Kxh7 18. Qh5+ Kg8 19. Ng6 Qd8 20. Qh8+ Kf7
21. Ne5+ Kf6 22. Ng4+ Kg6 23. Ne5+ Kf5 24. Qxg7 Qf6 25. g4+ Kf4 26. Nd3+ Kf3
27. Ne5+ Kf4 28. Ng6+ Kxg4 29. h3+ Kf3 30. Nh4+ Qxh4 31. Qxf8+ Nf5 32. Qa3+ Kf4
33. Kh2 Bd7 34. Qb4+ d4 35. Qd2+ Ke5 36. Qe2+ Kf6 37. Qg4 Rh8 38. f3 e5 39. Rg1
Qh7 40. Rae1 Ne3 41. Qg5+ Kf7 42. Rg3 Bxh3 43. Kg1 Bf5 44. f4 Qh1+ 45. Kf2 Rh2+
46. Rg2 Rxg2+ 47. Qxg2 Qxg2# 0-1

[Event "Klatovy"]
[Site "?"]
[Date "2007.??.??"]
[Round "?"]
[White "Rezac, J."]
[Black "Paldus, P."]
[Result "1/2-1/2"]
[WhiteElo "1765"]
[BlackElo "2045"]
[PlyCount "75"]
[EventDate "2007.??.??"]

1. d4 d5 2. c4 c6 3. e3 e6 4. Nf3 f5 5. Nc3 Nf6 6. a3 Be7 7. c5 Nbd7 8. Be2 Ne4
9. Bd2 e5 10. b4 Nxd2 11. Qxd2 e4 12. Ne5 Nxe5 13. dxe5 O-O 14. f4 exf3 15.
gxf3 Bh4+ 16. Kd1 a5 17. Kc2 Be6 18. f4 b6 19. Qd4 axb4 20. axb4 bxc5 21. bxc5
Be7 22. Rhb1 Ra5 23. Rxa5 Qxa5 24. Na4 Ra8 25. Rb4 Bh4 26. Kd1 Bf2 27. Kd2 Rb8
28. Nb6 Rxb6 29. cxb6 Bxe3+ 30. Kxe3 c5 31. Qd3 Qxb4 32. Qb5 Qd4+ 33. Kf3 Bf7
34. b7 Bh5+ 35. Kg2 Qe4+ 36. Kg1 Qe3+ 37. Kg2 Qe4+ 38. Kg1 1/2-1/2

[Event "Klatovy"]
[Site "?"]
[Date "2007.??.??"]
[Round "?"]
[White "Jonas, V."]
[Black "Kopta, P."]
[Result "1-0"]
[WhiteElo "1985"]
[BlackElo "2325"]
[PlyCount "73"]
[EventDate "2007.??.??"]

1. e4 c5 2. c3 Qa5 3. Nf3 Nc6 4. Na3 e6 5. Nc4 Qc7 6. d4 cxd4 7. cxd4 d5 8.
exd5 exd5 9. Ne3 Nf6 10. Bd2 Bd6 11. Bd3 O-O 12. O-O Re8 13. Rc1 Qb6 14. Qc2
Be6 15. Nf5 Bf8 16. Qb1 Bxf5 17. Bxf5 Ne4 18. Be3 Rad8 19. Ng5 Nxg5 20. Bxg5 g6
21. Bxd8 Rxd8 22. Bh3 Bg7 23. b3 Nxd4 24. Rc8 Rxc8 25. Bxc8 Qc7 26. Bg4 Qf4 27.
Qd1 h5 28. Bh3 Ne6 29. g3 Qd6 30. Bxe6 Qxe6 31. Re1 Qf5 32. Qe2 d4 33. Qe8+ Kh7
34. Re7 Kh6 35. Qxf7 Bf6 36. Re6 h4 37. Qxf6 1-0

[Event "Klatovy"]
[Site "?"]
[Date "2007.??.??"]
[Round "?"]
[White "Kubat, M."]
[Black "Kaderabek, J."]
[Result "0-1"]
[WhiteElo "1940"]
[BlackElo "2185"]
[PlyCount "84"]
[EventDate "2007.??.??"]

1. e4 c5 2. Nc3 e6 3. g3 d5 4. d3 d4 5. Nce2 Nc6 6. Bg2 Be7 7. f4 Nf6 8. h3 h5
9. Nf3 b6 10. a3 Bb7 11. Bd2 Qc7 12. O-O Rd8 13. Qe1 c4 14. e5 cxd3 15. cxd3
Nd5 16. Qf2 Ba6 17. Rfc1 Qd7 18. Ne1 O-O 19. Be4 Rc8 20. Qf3 g6 21. g4 h4 22.
Rxc6 Rxc6 23. f5 Rfc8 24. f6 Rc2 25. Bc1 Bf8 26. Qf2 Rxc1 27. Rxc1 Rxc1 28.
Nxc1 Qc7 29. Bxd5 exd5 30. Qf4 Qd7 31. Nf3 Qa4 32. Qd2 b5 33. Nxh4 b4 34. b3
Qe8 35. Nf3 bxa3 36. h4 Bc8 37. Qf4 Qe6 38. Nh2 Kh7 39. h5 gxh5 40. gxh5 Bh6
41. Qg3 Qf5 42. Nf3 Qg4 0-1

[Event "Klatovy"]
[Site "?"]
[Date "2007.??.??"]
[Round "?"]
[White "Grill, R."]
[Black "Cekan, P."]
[Result "0-1"]
[WhiteElo "2110"]
[BlackElo "1970"]
[PlyCount "74"]
[EventDate "2007.??.??"]

1. e4 e5 2. Nf3 Nc6 3. Bb5 a6 4. Ba4 Nf6 5. d4 exd4 6. O-O Be7 7. Re1 d6 8.
Nxd4 Bd7 9. c3 O-O 10. Bc2 Ne5 11. Bf4 Ng6 12. Bg3 Re8 13. Nd2 Bg4 14. f3 Bd7
15. Nf5 Bf8 16. f4 Qc8 17. Qf3 d5 18. Kh1 dxe4 19. Nxe4 Rxe4 20. Bxe4 Nxe4 21.
Nh6+ gxh6 22. Qxe4 Bc6 23. Qc2 Qg4 24. f5 Nf4 25. Bxf4 Qxf4 26. Rf1 Qg4 27.
Rad1 Be4 28. Rd4 Re8 29. Qf2 Bd6 30. b4 Be5 31. Rxe4 Qxe4 32. Re1 Qg4 33. h3
Qg5 34. g4 f6 35. h4 Qg7 36. g5 hxg5 37. hxg5 fxg5 0-1

[Event "Klatovy"]
[Site "?"]
[Date "2007.??.??"]
[Round "?"]
[White "Framberk, J."]
[Black "Kubik, J."]
[Result "1/2-1/2"]
[WhiteElo "2075"]
[BlackElo "1960"]
[PlyCount "79"]
[EventDate "2007.??.??"]

1. e4 d6 2. d4 Nf6 3. Nc3 g6 4. Bg5 Bg7 5. e5 dxe5 6. dxe5 Qxd1+ 7. Rxd1 Nfd7
8. f4 f6 9. Bh4 c6 10. exf6 Nxf6 11. Nf3 Bg4 12. Be2 Nbd7 13. O-O Bf5 14. Nd4
e6 15. Rfe1 Kf7 16. Bc4 Nd5 17. Nxf5 gxf5 18. Nxd5 cxd5 19. Bxd5 exd5 20. Re7+
Kg6 21. Rxd7 d4 22. Rd3 Rhg8 23. Rxb7 Rac8 24. Rg3+ Kh6 25. c3 dxc3 26. bxc3
Bxc3 27. Rxg8 Rxg8 28. Kf1 a5 29. Rb5 Kg6 30. Be1 Bxe1 31. Kxe1 a4 32. Rb4 Re8+
33. Kf2 Ra8 34. a3 Ra5 35. Kf3 h6 36. Kg3 Kh5 37. Kh3 Ra6 38. Rb5 Kg6 39. Kh4
Rc6 40. Rb4 1/2-1/2

[Event "Klatovy"]
[Site "?"]
[Date "2007.??.??"]
[Round "?"]
[White "Forman, M."]
[Black "Hacaperka, M."]
[Result "1-0"]
[WhiteElo "2060"]
[BlackElo "1935"]
[PlyCount "69"]
[EventDate "2007.??.??"]

1. d4 c5 2. d5 d6 3. c4 Nf6 4. Nc3 g6 5. e4 Bg7 6. Bf4 O-O 7. Qd2 Re8 8. Bd3
Nbd7 9. Nf3 Ng4 10. O-O Rb8 11. Be2 a6 12. a4 Qa5 13. Ne1 Nge5 14. Nc2 Nf6 15.
Bxe5 dxe5 16. Qg5 Qc7 17. Ne3 h6 18. Qg3 h5 19. Rad1 Qd6 20. Bd3 Kh7 21. Ne2
Bh6 22. f4 exf4 23. Nxf4 Qe5 24. Rde1 Nxe4 25. Bxe4 Qxe4 26. Nxh5 f6 27. Nc2
Qxe1 28. Rxe1 Bf5 29. Qc7 gxh5 30. Rxe7+ Rxe7 31. Qxe7+ Kg6 32. Ne3 Be4 33. Qc7
Rc8 34. Qg3+ Bg5 35. Ng4 1-0

[Event "Klatovy"]
[Site "?"]
[Date "2007.??.??"]
[Round "?"]
[White "Straka, V."]
[Black "Rmoutil, M."]
[Result "1-0"]
[WhiteElo "1930"]
[BlackElo "2005"]
[PlyCount "57"]
[EventDate "2007.??.??"]

1. d4 d5 2. c4 e6 3. Nc3 c6 4. Nf3 Nf6 5. Bg5 dxc4 6. a4 Nbd7 7. e4 Qa5 8. Bd2
Bb4 9. Bxc4 O-O 10. O-O c5 11. e5 cxd4 12. exf6 dxc3 13. fxg7 Kxg7 14. bxc3
Bxc3 15. Bxc3+ Qxc3 16. Rc1 Qf6 17. Qc2 Nb6 18. Bd3 Bd7 19. a5 Rac8 20. Qb1 Na4
21. Rxc8 Rxc8 22. Qxb7 Nc5 23. Qb1 Qc3 24. Bxh7 f5 25. Ng5 Nb3 26. Qd1 Qc1 27.
Qxd7+ Kf6 28. Qxe6+ Kxg5 29. h4+ 1-0

[Event "Klatovy"]
[Site "?"]
[Date "2007.??.??"]
[Round "?"]
[White "Nguyen, D."]
[Black "Novak, J."]
[Result "1/2-1/2"]
[WhiteElo "1820"]
[BlackElo "2000"]
[PlyCount "93"]
[EventDate "2007.??.??"]

1. e4 Nf6 2. e5 Nd5 3. d4 d6 4. c4 Nb6 5. exd6 cxd6 6. Nc3 g6 7. Be3 Bg7 8. Rc1
Nc6 9. b3 O-O 10. d5 Ne5 11. Be2 f5 12. f4 Nf7 13. Bf3 Nd7 14. Nge2 Qc7 15. O-O
Nf6 16. Nd4 Nd8 17. Ncb5 Qb8 18. c5 a6 19. cxd6 axb5 20. dxe7 Re8 21. exd8=N
Rxe3 22. N8e6 Bxe6 23. Nxe6 Qa7 24. Rf2 Ne4 25. Bxe4 Rxe4 26. Nxg7 Rxf4 27. Qe1
Qxf2+ 28. Qxf2 Rxf2 29. Kxf2 Rxa2+ 30. Kf3 Kxg7 31. Rc7+ Kf6 32. Rxb7 Ke5 33.
Rxb5 Rd2 34. h3 Rd3+ 35. Ke2 Rg3 36. Kf2 Rc3 37. b4 Kf4 38. Rc5 Rb3 39. d6 Rxb4
40. g3+ Kg5 41. Rd5 Rb8 42. d7 Rd8 43. Rd6 Kh6 44. Kf3 Kg7 45. Kf4 Kf7 46. Ke5
Ke7 47. h4 1/2-1/2

[Event "Klatovy"]
[Site "?"]
[Date "2007.??.??"]
[Round "?"]
[White "Snaidr, J."]
[Black "Vacek, M."]
[Result "1/2-1/2"]
[WhiteElo "2000"]
[BlackElo "1895"]
[PlyCount "56"]
[EventDate "2007.??.??"]

1. d4 d5 2. c4 c6 3. Nf3 Nf6 4. e3 Bf5 5. Nc3 e6 6. Bd3 Bxd3 7. Qxd3 Nbd7 8.
O-O Bd6 9. e4 dxe4 10. Nxe4 Nxe4 11. Qxe4 Nf6 12. Qe2 h6 13. Ne5 O-O 14. Bf4 c5
15. dxc5 Bxc5 16. Rfd1 Qb6 17. g4 Bd4 18. Rab1 a5 19. Rd3 Rfd8 20. Rbd1 Bxe5
21. Bxe5 Ne8 22. Qe4 Rxd3 23. Qxd3 Qc6 24. f3 a4 25. b4 Rc8 26. Rc1 f6 27. Bg3
e5 28. Bf2 Nc7 1/2-1/2

[Event "Klatovy"]
[Site "?"]
[Date "2007.??.??"]
[Round "?"]
[White "Pokora, L."]
[Black "Hampel, R."]
[Result "1-0"]
[WhiteElo "1995"]
[BlackElo "1820"]
[PlyCount "69"]
[EventDate "2007.??.??"]

1. e4 c5 2. Nc3 e6 3. g3 Nc6 4. Bg2 g6 5. d3 Bg7 6. f4 Nge7 7. Nf3 O-O 8. O-O
d5 9. e5 a6 10. Ne2 b5 11. Be3 d4 12. Bf2 Bb7 13. Ng5 Qd7 14. Ne4 Nd5 15. Nxc5
Qe7 16. Nxb7 Qxb7 17. Nxd4 Rad8 18. Nxc6 Qxc6 19. Rc1 Qe8 20. Qe2 Qe7 21. Rfd1
f6 22. exf6 Nxf6 23. c3 Nd7 24. d4 h5 25. Be4 Qf7 26. b3 Nf6 27. Bf3 Bh6 28.
Rc2 Kh8 29. Bg2 Ng4 30. h4 Nxf2 31. Qxf2 Rc8 32. Qe3 Rfe8 33. Bh3 Rcd8 34. Re1
Rd6 35. Qe5+ 1-0

[Event "Klatovy"]
[Site "?"]
[Date "2007.??.??"]
[Round "?"]
[White "Peniska, P."]
[Black "Grabarczyk, S."]
[Result "1/2-1/2"]
[WhiteElo "2015"]
[BlackElo "1860"]
[PlyCount "96"]
[EventDate "2007.??.??"]

1. e4 c5 2. Nc3 Nc6 3. g3 g6 4. Bg2 Bg7 5. f4 d6 6. Nf3 e6 7. O-O Nge7 8. d3
O-O 9. Be3 Qb6 10. Rb1 Nd4 11. Ne2 f5 12. c3 Nxf3+ 13. Bxf3 Kh8 14. g4 Qc7 15.
h3 e5 16. Qd2 Be6 17. c4 Nc6 18. exf5 gxf5 19. g5 Qf7 20. h4 e4 21. dxe4 fxe4
22. Bxe4 Bxc4 23. b3 d5 24. Bf3 Bxe2 25. Bxe2 d4 26. Bf2 Qxf4 27. Qxf4 Rxf4 28.
Bg3 Rxf1+ 29. Rxf1 Rf8 30. Bf3 Nb4 31. Bd6 Rf5 32. Bxb7 Rxf1+ 33. Kxf1 d3 34.
Bxc5 Bc3 35. Bxa7 Nxa2 36. Be3 d2 37. Bf3 Nc1 38. Bd1 Kg7 39. h5 Na2 40. Bc2
Nb4 41. Bd1 Nd5 42. Ke2 Nxe3 43. Kxe3 Bb4 44. Ke4 Kf7 45. Kf5 Bf8 46. h6 Kg8
47. Bh5 Bc5 48. Ke4 Be7 1/2-1/2

[Event "Klatovy"]
[Site "?"]
[Date "2007.??.??"]
[Round "?"]
[White "Lexa, V."]
[Black "Svec, L."]
[Result "1-0"]
[WhiteElo "1955"]
[BlackElo "1855"]
[PlyCount "61"]
[EventDate "2007.??.??"]

1. d4 d5 2. c4 e6 3. Nc3 Nf6 4. Bg5 Nbd7 5. e3 c6 6. Nf3 Be7 7. Bd3 O-O 8. O-O
Re8 9. Rc1 h6 10. Bh4 Nh5 11. Bxe7 Qxe7 12. Ne5 Nhf6 13. f4 Nf8 14. Rc2 dxc4
15. Nxc4 Nd5 16. Re2 Nxc3 17. bxc3 f6 18. e4 b5 19. Ne3 Qa3 20. Qc2 Rd8 21. f5
a6 22. fxe6 Bxe6 23. Nf5 Ra7 24. e5 fxe5 25. Rxe5 Qxa2 26. Qxa2 Bxa2 27. Ne7+
Kh8 28. Nxc6 Nd7 29. Re7 Raa8 30. Nxd8 Rxd8 31. Ra1 1-0

[Event "Klatovy"]
[Site "?"]
[Date "2007.??.??"]
[Round "?"]
[White "Hruska, J."]
[Black "Sibl, V."]
[Result "1/2-1/2"]
[WhiteElo "1850"]
[BlackElo "1900"]
[PlyCount "72"]
[EventDate "2007.??.??"]

1. d4 d6 2. c4 e5 3. d5 f5 4. Nc3 Nf6 5. Bg5 Be7 6. Bxf6 Bxf6 7. e4 O-O 8. Nf3
Na6 9. Be2 b6 10. O-O f4 11. Ne1 Nc5 12. b4 Nd7 13. Nd3 Ba6 14. Qb3 g6 15. Rac1
f3 16. Bxf3 Bg5 17. Rc2 Rxf3 18. gxf3 Bf4 19. Nxf4 exf4 20. Ne2 Qh4 21. Re1 Ne5
22. Nd4 Qh3 23. Kh1 Rf8 24. Rc3 Rf6 25. b5 Bc8 26. Rg1 Qh4 27. Nc6 Nxc6 28.
dxc6 g5 29. Qd1 Rh6 30. Rg2 Bh3 31. Qd5+ Kf8 32. Qxg5 Bxg2+ 33. Qxg2 Rg6 34.
Qf1 Qh5 35. Rd3 Ke7 36. a3 Ke8 1/2-1/2

[Event "Klatovy"]
[Site "?"]
[Date "2007.??.??"]
[Round "?"]
[White "Skut, M."]
[Black "Valdman, J."]
[Result "1-0"]
[WhiteElo "1895"]
[BlackElo "1835"]
[PlyCount "39"]
[EventDate "2007.??.??"]

1. e4 d6 2. d4 g6 3. Nc3 Bg7 4. Bc4 Nd7 5. Nf3 e5 6. Ng5 Nh6 7. Bxf7+ Nxf7 8.
Ne6 Qf6 9. Nxc7+ Kd8 10. dxe5 Nfxe5 11. Nxa8 Rf8 12. f4 b6 13. Nc7 Qh4+ 14. g3
Qh3 15. Qe2 Nc5 16. fxe5 Bxe5 17. Bf4 Bxc3+ 18. bxc3 Bg4 19. Qf1 Kxc7 20. Bxd6+
1-0

[Event "Klatovy"]
[Site "?"]
[Date "2007.??.??"]
[Round "?"]
[White "Muzikar, M."]
[Black "Travnik, P."]
[Result "1/2-1/2"]
[WhiteElo "1890"]
[BlackElo "1825"]
[PlyCount "34"]
[EventDate "2007.??.??"]

1. e4 c5 2. Nf3 d6 3. d4 cxd4 4. Nxd4 Nf6 5. Nc3 a6 6. Bc4 e6 7. Bb3 Nbd7 8.
Be3 Nc5 9. f3 Nxb3 10. axb3 Be7 11. O-O O-O 12. Ndb5 Ne8 13. Na3 Bd7 14. Nc4
Bc6 15. Nb6 Rb8 16. f4 Nf6 17. e5 dxe5 1/2-1/2

[Event "Klatovy"]
[Site "?"]
[Date "2007.??.??"]
[Round "?"]
[White "Hruska, O."]
[Black "Sterba, K."]
[Result "0-1"]
[WhiteElo "1880"]
[BlackElo "1805"]
[PlyCount "70"]
[EventDate "2007.??.??"]

1. d4 Nf6 2. c4 g6 3. Nc3 d5 4. cxd5 Nxd5 5. e4 Nxc3 6. bxc3 Bg7 7. Rb1 c5 8.
Nf3 O-O 9. Bc4 Qc7 10. Qc2 Nd7 11. Be3 Nb6 12. Bd3 cxd4 13. Bxd4 Bxd4 14. Nxd4
e5 15. Ne2 Be6 16. O-O Rfd8 17. f4 Bc4 18. Bxc4 Nxc4 19. fxe5 Na3 20. Qb3 Nxb1
21. Rxb1 b6 22. e6 Qe7 23. Nd4 Re8 24. Rf1 fxe6 25. e5 Qc5 26. Re1 Rac8 27. Re3
Qc4 28. Qb1 Qd5 29. h4 Rxc3 30. Qe1 Rxe3 31. Qxe3 Qc5 32. h5 Rd8 33. Kh2 Qxd4
34. Qg5 Rf8 35. Qe7 Qxe5+ 0-1

[Event "Klatovy"]
[Site "?"]
[Date "2007.??.??"]
[Round "?"]
[White "Kalivoda, L."]
[Black "Schanilec, M."]
[Result "1-0"]
[WhiteElo "1865"]
[BlackElo "1800"]
[PlyCount "104"]
[EventDate "2007.??.??"]

1. Nf3 Nc6 2. e4 e5 3. Bb5 a6 4. Bxc6 dxc6 5. d4 exd4 6. Qxd4 Bg4 7. Be3 Bxf3
8. Qxd8+ Rxd8 9. gxf3 g6 10. Nc3 Bg7 11. Ke2 Ne7 12. Rad1 Rxd1 13. Rxd1 Be5 14.
f4 Bxc3 15. bxc3 f6 16. Kf3 Nc8 17. e5 fxe5 18. fxe5 Rf8+ 19. Ke4 Rf7 20. f4
Rf5 21. h4 b6 22. c4 c5 23. a4 Ke7 24. a5 Rf8 25. Ra1 Rd8 26. axb6 cxb6 27.
Rxa6 Rd1 28. Ra8 Rd8 29. f5 gxf5+ 30. Kxf5 Rf8+ 31. Ke4 Ke6 32. Ra1 Rf5 33. Bf4
Rh5 34. Bg3 Rf5 35. Rd1 Rf8 36. Bf4 Rg8 37. Bg5 h6 38. Bxh6 Rg4+ 39. Bf4 Rxh4
40. Rd8 Ne7 41. Rd6+ Kf7 42. Rxb6 Ng6 43. Rf6+ Kg7 44. Rf5 Rh1 45. e6 Re1+ 46.
Be3 Re2 47. c3 Re1 48. Rf2 Kg8 49. Rg2 Kh7 50. Rg5 Kg7 51. e7 Kf7 52. Rxg6 Kxg6
1-0

[Event "Klatovy"]
[Site "?"]
[Date "2007.??.??"]
[Round "?"]
[White "Vorisek, J."]
[Black "Neuman, P."]
[Result "1/2-1/2"]
[WhiteElo "2265"]
[BlackElo "2410"]
[PlyCount "40"]
[EventDate "2007.??.??"]

1. d4 Nf6 2. Nf3 d6 3. g3 g6 4. Bg2 Bg7 5. O-O O-O 6. c4 c6 7. Nc3 Qa5 8. e4
Bg4 9. h3 Bxf3 10. Bxf3 e5 11. Be3 Nbd7 12. Qd2 exd4 13. Bxd4 Rfe8 14. Rad1
Rad8 15. b3 a6 16. Rfe1 c5 17. Bxf6 Nxf6 18. Bg2 b5 19. Nd5 Qxd2 20. Rxd2 Nxd5
1/2-1/2

[Event "Klatovy"]
[Site "?"]
[Date "2007.??.??"]
[Round "?"]
[White "Havlik, J."]
[Black "Sodoma, J."]
[Result "1-0"]
[WhiteElo "2260"]
[BlackElo "2315"]
[PlyCount "119"]
[EventDate "2007.??.??"]

1. e4 e5 2. Nf3 Nc6 3. Bb5 a6 4. Ba4 Nf6 5. O-O Be7 6. Re1 b5 7. Bb3 O-O 8. d4
d6 9. c3 Bg4 10. Be3 Bh5 11. Nbd2 d5 12. exd5 Nxd5 13. Ne4 Nxe3 14. fxe3 Bg6
15. Ng3 Bf6 16. e4 Re8 17. Bd5 Qd6 18. dxe5 Bxe5 19. Nxe5 Rxe5 20. Qf3 Rae8 21.
Rf1 Nd8 22. Rad1 Ne6 23. Kh1 c6 24. Bb3 Qc7 25. h4 Qe7 26. h5 Qh4+ 27. Kg1 Ng5
28. hxg6 Nxf3+ 29. Rxf3 Rf8 30. Nf5 Qg5 31. Nd6 Re7 32. Nxf7 Rexf7 33. Bxf7+
Kh8 34. Rdd3 Qc1+ 35. Kh2 Qh6+ 36. Rh3 Qf4+ 37. Rdg3 Rxf7 38. gxf7 Qxf7 39. Re3
Qxa2 40. e5 Qe6 41. Rhf3 Kg8 42. Kg1 a5 43. Rd3 h6 44. Rfe3 c5 45. Rd6 Qe7 46.
Rd5 Qg5 47. Re1 Qg3 48. Rdd1 Kf8 49. e6 Ke7 50. Re2 Qg4 51. Rd7+ Ke8 52. Rdd2
Ke7 53. Re3 Qf4 54. Rd7+ Ke8 55. Re2 Qg4 56. Kf1 b4 57. Rd5 bxc3 58. e7 Qxe2+
59. Kxe2 cxb2 60. Rd8+ 1-0

[Event "Klatovy"]
[Site "?"]
[Date "2007.??.??"]
[Round "?"]
[White "Jurek, J."]
[Black "Krejci, J."]
[Result "1-0"]
[WhiteElo "2380"]
[BlackElo "2190"]
[PlyCount "85"]
[EventDate "2007.??.??"]

1. d4 d5 2. Nf3 Nf6 3. c4 c6 4. Qc2 g6 5. Bf4 Bg7 6. e3 O-O 7. Nc3 c5 8. dxc5
Qa5 9. a3 Nc6 10. Nd4 dxc4 11. Bxc4 Qxc5 12. Ncb5 Qh5 13. Be2 Nxd4 14. Nxd4 Bg4
15. f3 Bd7 16. g4 Qa5+ 17. b4 Qd8 18. Qb3 Nxg4 19. fxg4 e5 20. O-O exf4 21.
Rxf4 Be5 22. Rf2 Bxd4 23. exd4 Bxg4 24. Bxg4 Qxd4 25. Qd1 Qb6 26. Qd5 Rae8 27.
Rd1 Re3 28. Rd3 Rxd3 29. Qxd3 a5 30. Qc4 Qe3 31. bxa5 Qxa3 32. Qd5 Qe3 33. Be2
Kh8 34. Kg2 Qe7 35. Bf3 Rd8 36. Qb5 Rd7 37. Re2 Qd8 38. Qe5+ Kg8 39. Qe8+ Qxe8
40. Rxe8+ Kg7 41. Re2 Kf6 42. Rb2 Ke5 43. Bxb7 1-0